| 000 | 00982nam a2200301ua 4500 | ||
|---|---|---|---|
| 003 | CO-ViMGA | ||
| 005 | 20230915225026.0 | ||
| 008 | 120314s2012 ck a jr 00010dspa d | ||
| 020 | _a9789588756257 | ||
| 040 |
_aCO-ViMGA _bspa _cCO-ViMGA |
||
| 043 | _as-ck--- | ||
| 082 | 0 | 4 |
_a364 C65 _221 |
| 100 | 1 |
_aKothe, Rainer. _9598 |
|
| 245 | 1 | 0 | _aCriminalística / |
| 250 | _aEditor César A. Cardozo Tovar. | ||
| 260 | 3 |
_aBogotá : _bPanamericana Editorial, _c2012. |
|
| 300 |
_a48 p. : _bil. ; _c28 cm. |
||
| 490 | 1 | _aCómo y por qué | |
| 500 | _aIncluye índice. | ||
| 534 |
_pTítulo original : _tKriminalistik. |
||
| 650 | 1 | 4 |
_aCriminología _v Literatura juvenil. _9599 |
| 650 | 1 | 4 |
_aInvestigación criminal _v Literatura juvenil. _9600 |
| 650 | 1 | 6 |
_aCiencias forenses _v Literatura juvenil. _9601 |
| 700 | 1 | 2 |
_aBremert, Rudiger, _eil. _9602 |
| 700 | 1 | 2 |
_aCardozo Tovar, César A., _eed. _9604 |
| 700 | 1 | 2 |
_aRodríguez Aguilar, Cristina, _etr. _9603 |
| 942 |
_2ddc _cBK |
||
| 999 |
_c12101 _d12101 |
||